000 00732nam a2200241 i 4500
001 C2-0303009
003 PPAK
005 20180728084106.0
008 100308s2009 my a|||| ||||| | eng d
020 _a9789675222337
040 _aPPAK
_beng
_cPPAK
_erda
082 0 4 _a305.891417
_223
090 0 0 _a305.891417
_bGIL
_dR
100 1 _aGill, Darshan Singh,
_eauthor
245 1 0 _aSikh community in Malaysia
264 1 _aPetaling Jaya, Selangor :
_bMPH Group Publishing Sdn. Bhd. ,
_c2009
300 _a266 pages :
_bcolour illustrations ;
_c31 cm
336 _2rdacontent
_atext
337 _2rdamedia
_aunmediated
338 _2rdacarrier
_avolume
650 1 0 _aSikhs - Malaysia - Social life and customs
942 _ddc
_cB
999 _c106521
_d106521